1219 1925 1944 1339 1419 1000 1204 1897 1411 1728 1080 1398 1027 1222 1983 1578 1145 1926 1276 1550 1692 1299 1460 1553 1611 1694 1639 1097 1911 1329 1337 1096 1409 1571 1287 1380 1672 1875 1875 1003 1708 1175 1789 1013 1594 1593 1249 1413 1711 1343 1104 1977 1402 1909 1279 1762 1609 1335 1210 1097 1692 1735 1380 1600 1131 1088 1667 1011 1917 1345 1833 1184 1043 1840 1868 1058 1628 1501 1941 1098 1044 1306 1252 1779 1238 1365 1230 1513 1068 1527 1290 1496 1378 1927 1098 1390 1212 1854 1015 BCNSPRNW ULIB Ver.6.0+V

เปลี่ยนเป็นภาษาไทย

Change to English
 แสดงรายละเอียดบรรณานุกรม
  กลับหน้าหลัก

Brief Record : Get Marc (ISO 2709) : E-mail record : QR code < ปิดหน้าต่าง
LEADER : 00000nam 2200000uu 4500
001    13399114528
003     ULIB
008    120411s||||||||th 000 0 tha d
020    ^a9780826105813
050  4 ^aRT73 ^bG112
060  0 ^aWY100^bG112
100 1   ^aGaberson, Kathleen B.
245 1   ^aClinical teaching strategies in nursing / ^cKathleen B. Gaberson, Marilyn H. Oermann.
250    ^a3rd ed
260    ^aNew York, N.Y. : ^bSpringer Pub., ^c2010.
300    ^axi, 442 p.
650    ^aNursing ^xStudy and teaching.
650  0 Education Nursing
700 1   ^aOermann, Marilyn H.
945    ^p0^l0^i031632
995    ^aKesorn
999 ^a ใช้งานได้ทุกระบบ
รายการนี้ยังไม่มีแท็ก
คุณยังไม่ได้ล็อกอิน คุณสามารถมีกิจกรรมร่วมกับเว็บไซต์ได้ แต่ต้องล็อกอินก่อน ::
  ล็อกอิน

รายการสื่อสารสนเทศ

ลำดับที่ ประเภท เลขเรียก/บาร์โค้ด สถานที่ สถานะ
- ไม่พบข้อมูล -

รายการใกล้เคียง
    ผู้แต่ง [Gaberson, Kathleen B.]

BibComment


ยังไม่เคยถูกคอมเมนท์

คอมเมนท์ทรัพยากรรายการนี้
  คอมเมนท์: Clinical teachi..


 Copyright 2026. Bcnsprnw @Library